| 000 | 00660cam a2200229 4500 | ||
|---|---|---|---|
| 008 | 090401t1989 xxu||||| |||| 00| 0 eng d | ||
| 020 | _a0854064494 | ||
| 035 | _a(Sirsi) u50304 | ||
| 041 | _aeng | ||
| 050 | _a526.9 | ||
| 090 | _aRICS 1989/79 ABCD | ||
| 100 | _aScott, Lawrence | ||
| 245 | _aPlans for conveyancing in England and Wales | ||
| 260 |
_aLondon _bRICS Land Surveyors Division _c1989 |
||
| 300 | _aii, 22, (13)p. ; 30cm. | ||
| 350 | _a15 | ||
| 520 | _aEnclosure: 1 folded leaf (4 pages) giving examples of Land Registry plans. | ||
| 650 |
_aBoundary disputes _96221 |
||
| 650 | _aHM LAND REGISTRY | ||
| 942 | _n0 | ||
| 948 | _c04/03/1997 | ||
| 999 |
_c92688 _d92688 |
||